000 00534nam a2200157Ia 4500
008 230907s9999||||xx |||||||||||||| ||und||
082 _a620
_bMUN
100 _aMuhammad Muneeb Ahmad (00000206086)
_9116622
245 0 _aEnergy Management in the Large-Scale Manufacturing (LSM) Industries of Pakistan; Current Status, Barriers and Drivers /
260 _aUSPCAS-E, NUST,
_bIslamabad :
_c2021
300 _aix, 72 p
520 _aTH-301
650 _aMS-TEE Thesis
_9116575
700 _aDr. Muhammad Bilal Sajid
942 _cTHE
_2ddc
999 _c601979
_d601979